Kim Hyo Man (Record no. 5136)
[ view plain ]
| 000 -LEADER | |
|---|---|
| fixed length control field | 00229nam a2200097Ia 4500 |
| 008 - FIXED-LENGTH DATA ELEMENTS--GENERAL INFORMATION | |
| fixed length control field | 200302s9999 xx 000 0 und d |
| 100 ## - MAIN ENTRY--PERSONAL NAME | |
| Personal name | Jeong Kwang -Young |
| 245 ## - TITLE STATEMENT | |
| Title | Kim Hyo Man |
| 260 ## - PUBLICATION, DISTRIBUTION, ETC. | |
| Name of publisher, distributor, etc. | Archiworld Co. Ltd. |
| 300 ## - PHYSICAL DESCRIPTION | |
| Extent | 211 P., |
| Withdrawn status | Lost status | Source of classification or shelving scheme | Damaged status | Not for loan | Permanent Location | Current Location | Date acquired | Cost, normal purchase price | Full call number | Barcode | Date last seen | Price effective from | Koha item type |
|---|---|---|---|---|---|---|---|---|---|---|---|---|---|
| BMS College of Architecture, Design and Planning | BMS College of Architecture, Design and Planning | 2020-03-03 | 2343.50 | 720.92519 MAN | CL-UGTQ2665 | 2020-03-10 | 2020-03-03 | UG Books from CL |